Name All The One Direction Songs Quiz Stats

 Plays Quiz not verified by Sporcle

Challenge
Share
Tweet
Embed
Score 0/114 Timer 10:00
0 Plays Today
Nothing Important Song Title % Correct
What Makes You Beautiful
92.7%
One Thing
88%
I Wish
87.3%
I Want
86.7%
Best Song Ever
83.3%
Little Things
83.3%
Night Changes
83.3%
Steal My Girl
83.3%
Gotta Be You
82.7%
18
82%
Live While We're Young
81.3%
I Would
80.7%
Alive
78.7%
Midnight Memories
78.7%
Rock Me
78.7%
Little Black Dress
78%
Story Of My Life
78%
Act My Age
77.3%
Stole My Heart
77.3%
Up All Night
77.3%
Where Do Broken Hearts Go
77.3%
You And I
77.3%
Diana
76.7%
Kiss You
76.7%
Little White Lies
76.7%
Fireproof
76%
Fool's Gold
76%
More Than This
76%
Don't Forget Where You Belong
75.3%
Moments
75.3%
Happily
74.7%
Over Again
74.7%
Strong
74.7%
Clouds
74%
Heart Attack
74%
Back For You
73.3%
Last First Kiss
73.3%
No Control
73.3%
Nothing Important Song Title % Correct
C'mon C'mon
72.7%
Change Your Ticket
72%
Everything About You
72%
Tell Me A Lie
72%
Girl Almighty
71.3%
Right Now
71.3%
Change My Mind
70.7%
Stockholm Syndrome
70.7%
Taken
70.7%
They Don't Know About Us
70.7%
Through The Dark
70%
Better Than Words
69.3%
Illusion
69.3%
Nobody Compares
68.7%
Ready To Run
68.7%
Half A Heart
68%
Same Mistakes
68%
One Way Or Another
67.3%
Spaces
67.3%
Summer Love
67.3%
Why Don't We Go There
66%
Does He Know
65.3%
Loved You First
65.3%
Na Na Na
65.3%
Stand Up
65.3%
Once In A Lifetime
64.7%
Something Great
63.3%
Still The One
63.3%
Save You Tonight
62.7%
She's Not Afraid
62%
Truly Madly Deeply
59.3%
Magic
57.3%
Irresistible
56.7%
Torn
48.7%
Forever Young
39.3%
I Should Have Kissed You
33.3%
Only Girl In The World
29.3%
Viva La Vida
29.3%
Nothing Important Song Title % Correct
Chasing Cars
25.3%
Total Eclipse Of The Heart
24.7%
Summer Of '69
22.7%
Kids In America
22%
Your Song
20.7%
The Way You Look Tonight
19.3%
You Are So Beautiful
19.3%
My Life Would Suck Without You
18.7%
All You Need Is Love
18%
She's The One
15.3%
Nobody Knows
14.7%
Just Can't Let Her Go
13.3%
Valerie
10.7%
Heroes
9.3%
Wonderwall
9.3%
Use Somebody
8.7%
I Gotta Feeling
8%
I'm Yours
8%
Math Song
7.3%
Vas Happenin' Boys
7.3%
Teenage Dirtbags
7.3%
Look After You
4.7%
Your Math Skills Are Terrible
4%
Nando's Song
2.7%
Take Me Home
2.7%
Echos
1.3%
Tonight
1.3%
Fresh Prince Of Mullingar
0.7%
Heartbreaker
0.7%
Lost In Life
0.7%
Love Me Please
0.7%
Man In The Mirror
0.7%
Niall's Rap
0.7%
One Last Time
0.7%
Serious Song
0.7%
Stay With Me
0.7%
Tell Me That You Want Me
0.7%
With You
0.7%

You're not logged in!

Compare scores with friends on all Sporcle quizzes.
OR
Log In

You Might Also Like...

Show Comments

Extras

Top Quizzes Today


Score Distribution

Your Account Isn't Verified!

In order to create a playlist on Sporcle, you need to verify the email address you used during registration. Go to your Sporcle Settings to finish the process.

Report this User

Report this user for behavior that violates our Community Guidelines.

Details: